00777nam a2200217Ia 4500999001700000001000600017003000400023005001700027008004100044020000700085040001300092082002200105245003200127260004700159546000700206650002000213942001300233952010500246952010400351952010400455 c72585d7258567195OSt20220119123023.0150604s9999 xx 000 0 und d aNA cPK-LaUMT a 346.00264PbCIV- aCivil law cases [CLC, 2014] aLahore,Pakistan:bP.L.D. Publishers,c2014 aEN aCivil Law-Cases cLPJ2ddc 00102ddc4070a01b01d2015-06-03l0o 346.00264P CIV-p91936r2015-06-05 00:00:00w2015-06-05yBK 00102ddc4070a01b01d2015-06-05l0o346.00264P CIV-p91937r2015-06-05 00:00:00w2015-06-05yBK 00102ddc4070a01b01d2015-06-05l0o346.00264P CIV-p91938r2022-11-17 00:00:00w2015-06-05yBK